01044nam a2200265 a 450000100060000000300080000600500170001400800410003103500190007203500140009104000180010504100080012308200250013110000560015624500780021226000330029030000200032350400510034365000230039465000330041794200120045099900170046295201510047995201480063014486BD-RjUL20211208235633.0140206s19531943nyu b 001 0 eng d a(BD-RjUL)14538 a(BD-RjUL) aANLbengcANL aeng04a657.48219bMAF 19531 aMay, George O.q(George Oliver),d1875-1961.94517710aFinancial accounting :ba distillation of experience /cby George O. May. aNew York :bMacmillan,c1953 a274 p.;c18 cm. aIncludes bibliographical references and index. 0aAccounting.945178 0aFinancial statements.945179 2ddccBK c14486d14486 00102ddc40718NFICaRUCLbRUCLcReadingd1957-05-20eFerozsons ltd. Lahoreg25.00l0o657.48 MAF 1953r2014-02-06 00:00:00tC-1w2014-02-06yBK 00102ddc40708NFICaRUCLbRUCLcStackd1967-05-05eAmerican BPS Agency.g12.00l0o657.48 MAF 1943r2014-02-09 00:00:00tC-2w2014-02-09yBK